A-002 中央区の町名 - Statistics

General Stats
  • This quiz has been taken 13 times
  • The average score is 15 of 37
Answers on the Map
Answers color-coded by a green-red scale on the quiz's map according to % correct below.
 
Answer Stats
Answer % Correct
05.銀座ぎんざ
90%
04.京橋きょうばし
80%
08.築地つきじ
80%
33.浜離宮庭園はまりきゅうていえん
80%
07.新富しんとみ
70%
37.八重洲やえす
70%
03.勝どきかちどき
60%
11.豊海町とよみちょう
60%
34.晴海はるみ
60%
02.入船いりふね
50%
06.新川しんかわ
50%
09.月島つきしま
50%
10.つくだ
50%
32.八丁堀はっちょうぼり
50%
01.明石町あかしちょう
40%
16.日本橋茅場町にほんばしかやばちょう
40%
21.日本橋中洲にほんばしなかす
40%
25.日本橋浜町にほんばしはまちょう
40%
36.みなと
40%
12.日本橋にほんばし
30%
13.日本橋大伝馬町にほんばしおおでんまちょう
30%
15.日本橋兜町にほんばしかぶとちょう
30%
23.日本橋馬喰町にほんばしばくろちょう
30%
31.日本橋横山町にほんばしよこやまちょう
30%
18.日本橋小伝馬町にほんばしこでんまちょう
20%
22.日本橋人形町にほんばしにんぎょうちょう
20%
24.日本橋箱崎町にほんばしはこざきちょう
20%
26.日本橋久松町にほんばしひさまつちょう
20%
27.日本橋堀留町にほんばしほりどめちょう
20%
30.日本橋室町にほんばしむろまち
20%
35.東日本橋ひがしにほんばし
20%
14.日本橋蛎殻町にほんばしかきがらちょう
10%
17.日本橋小網町にほんばしこあみちょう
10%
19.日本橋小舟町にほんばしこぶなちょう
10%
20.日本橋富沢町にほんばしとみざわちょう
10%
28.日本橋本石町にほんばしほんごくちょう
10%
29.日本橋本町にほんばしほんちょう
10%
No matching quizzes found
Score Distribution
Percent of People with Each Score
Percentile by Number Answered
Your Score History
You have not taken this quiz